An Outline of Legal Aid in South Africa / (Record no. 608)

MARC details
000 -LEADER
fixed length control field 00538nam a22001697a 4500
005 - DATE AND TIME OF INPUT
control field 20231114081913.0
008 - DATA ELEMENTS--GENERAL INFORMATION
fixed length control field 231114b |||||||| |||| 00| 0 eng d
020 ## - INTERNATIONAL STANDARD BOOK NUMBER
International Standard Book Number 0409040894
041 ## - LANGUAGE CODE
Language code of text English
082 ## - SHELF NUMBER
DDC number 345 MCQ
100 ## - MAIN AUTHOR
Main author's name McQuoid-Mason, DJ
Language of a work English
245 ## - TITLE STATEMENT
Title An Outline of Legal Aid in South Africa /
Statement of responsibility, etc. DJ McQuoid-Mason
260 ## - PUBLICATION, DISTRIBUTION, ETC.
Place of publication, distribution, etc. Durban :
Name of publisher, distributor, etc. Butterworth and Company (Pty) Ltd,
Date of publication, distribution, etc. 1982
300 ## - PHYSICAL DESCRIPTION
Other physical details xxvi, 310 pages ;
Dimensions 22,5 cm.
650 ## - SUBJECT`
Broad subject Legal practice
Own subject terms Law
942 ## - ADDED ENTRY ELEMENTS (KOHA)
Item type Books
942 ## - ADDED ENTRY ELEMENTS (KOHA)
-- ALISON_BN_VRIES
Holdings
Source of classification or shelving scheme Not for loan Collection code Home library Current library Shelving location Date acquired Full call number Barcode Price effective from Koha item type
Dewey Decimal Classification   TEXT BOOKS LAW SOCIETY OF NAMIBIA LIBRARY - WINDHOEK LAW SOCIETY OF NAMIBIA LIBRARY - WINDHOEK Criminal law and procedures 11/14/2023 345 MCQ LSN/1986/35 11/14/2023 Books